Derecho del trabajo, medioambiente y transición justa: Elementos para un debate urgente.

Gardado en:
Detalles Bibliográficos
Autor Principal: Alvarado Barrientos, Paulina (coordinadora)
Outros autores: Costa Cordella,Ezio (coordinador), Gottschalk Castro, Axel (coordinador)
Formato: Unknown
Publicado: Santiago, Chile: Thomson Reuters, 2025.
Edición:1a edición.
Series:Monografías.
Subjects:
Tags: Engadir etiqueta
Sen Etiquetas, Sexa o primeiro en etiquetar este rexistro!

MARC

LEADER 00000 a2200000 4500
003 CL-VaPUC
005 20250509154534.0
008 250505t2025 ||||| |||| 00| 0 eng d
999 |c 449249  |d 449247 
020 |a 978-956-400-646-8 
040 |c Pontificia Universidad Católica de Valparaíso 
082 |a 344.83046 ALV 2025 
100 |a Alvarado Barrientos, Paulina  |9 902534  |e coordinadora 
245 |a Derecho del trabajo, medioambiente y transición justa:  |b Elementos para un debate urgente. 
250 |a 1a edición. 
260 |a Santiago, Chile:  |b Thomson Reuters,  |c 2025. 
300 |a iii, 264 páginas. 
490 |a Monografías. 
583 |k GC  |c 20250505 
650 0 |9 257835  |a Derecho ambiental   |x Actividades laborales 
650 0 |9 15  |a Derecho laboral  |x Condiciones de trabajo  |x Cambio climático 
650 0 |9 255034  |a Sindicatos  |x Negociación colectiva  |x Regulación ambiental  |z Chile 
700 |9 859057  |a  Costa Cordella,Ezio  |e coordinador 
700 |9 862619  |a Gottschalk Castro, Axel  |e coordinador 
942 |2 ddc  |c BK 
952 |0 0  |1 0  |2 ddc  |4 0  |6 344_830460000000000_ALV_2025  |7 0  |8 A  |9 602848  |a BIBDER  |b BIBDER  |d 2025-05-02  |e 31  |g 0.00  |i 5667329  |o 344.83046 ALV 2025  |p 5667329  |r 2025-05-02  |t 1  |v 0.00  |w 2025-05-02  |y BK  |k DER